Wordt geladen...

Classikkukalude vismayalokam

Bibliografische gegevens
Hoofdauteur: Raghavan, Tr
Formaat: Printed Book
Gepubliceerd in: TVM Chintha 2015
LEADER 00359nam a22001097a 4500
082 |a 894.8124  |b RAG.C 
100 |a Raghavan, Tr. 
245 |a Classikkukalude vismayalokam 
260 |a TVM  |b Chintha  |c 2015 
942 |c BK 
999 |c 20410  |d 20410 
952 |0 0  |1 0  |4 0  |6 894_812400000000000_RAG_C  |7 0  |9 22938  |a CAMPUS  |b CAMPUS  |d 2017-10-03  |l 0  |o 894.8124 RAG.C  |p 24285  |r 2017-10-03  |w 2017-10-03  |y BK